000
00315 a2200157 4500
001
193083
020
_a
978-85-7530-400-6
040
_c
Magnum
100
_a
Trindade, Kátia
240
1
0
_a
Justiça
_l
por
245
1
0
_a
Justiça
300
_a
8
362
0
_a
2015
697
_a
LITERATURA INFANTIL
942
_c
BK
999
_c
193083
_d
193083